000
00308 a2200133 4500
001
50208
040
_c
Anchieta - Bela Vista
100
_a
Anchietinha Bela Vista
240
1
0
_a
Era uma vez...outra vez
_l
por
245
1
0
_a
Era uma vez...outra vez
300
_a
25
650
4
_a
Literatura juvenil
942
_c
BK
999
_c
50208
_d
50208